Luật bình đẳng giới : (Có hiệu lực từ 01-7-2007)

שמור ב:
מידע ביבליוגרפי
פורמט: ספר
שפה:Undetermined
יצא לאור: Hà Nội Chính trị Quốc gia 2007
נושאים:
תגים: הוספת תג
אין תגיות, היה/י הראשונ/ה לתייג את הרשומה!
Thư viện lưu trữ: Trung tâm Học liệu Trường Đại học Cần Thơ
LEADER 00508nam a2200181Ia 4500
001 CTU_126710
008 210402s9999 xx 000 0 und d
020 |c 6000 
082 |a 342.087 
082 |b L504 
245 0 |a Luật bình đẳng giới : 
245 0 |b (Có hiệu lực từ 01-7-2007) 
260 |a Hà Nội 
260 |b Chính trị Quốc gia 
260 |c 2007 
650 |a Woman rights 
904 |i Nguyên 
980 |a Trung tâm Học liệu Trường Đại học Cần Thơ